| 000 | 00949cab a2200277 4500 | ||
|---|---|---|---|
| 001 | ABS54328 | ||
| 008 | 090401t1995 xxu||||| |||| 00| 0 eng d | ||
| 035 | _a(Sirsi) u9839 | ||
| 041 | _aeng | ||
| 100 | _aThomas, S. | ||
| 245 | _aOh noisy bells, be dumb: church bells, statutory nuisance and ecclesiastical duties | ||
| 260 | _c1995 | ||
| 350 | _a0 | ||
| 490 |
_aJournal of Planning and Environment Law _vDecember 1995, 1097-1105(9) |
||
| 520 | _aConsiders church-bell ringing as a noise nuisance under the Environmental Protection Act 1990 as well as statutory obligations of clergymen under ecclesiastical law. Relevant case law discussed. | ||
| 650 | _aBELL RINGING | ||
| 650 | _aCHURCH BELLS | ||
| 650 | _aCOMMON LAW | ||
| 650 | _aECCLESIASTICAL | ||
| 650 | _aNOISE NUISANCE | ||
| 650 | _aSTATUTORY OBLIGATIONS | ||
| 690 | _aENVIRONMENTAL AND LAND CONSULTANCY | ||
| 700 | _aWatkin, T.G. | ||
| 942 | _n0 | ||
| 948 | _c04/03/1997 | ||
| 999 |
_c6190 _d6190 |
||